| Поле | Инд. | ПП | Название | Значение |
|---|---|---|---|---|
| Тип записи | a | |||
| Библиографический уровень | m | |||
| 001 | Контрольный номер | RU\USATU\books\215852 | ||
| 005 | Дата корректировки | 20150513113633.9 | ||
| 020 | a | ISBN | 978-5-8114-0721-7 | |
| 040 | d | Организация, изменившая запись | USATU | |
| d | Организация, изменившая запись | НБ ТвГУ | ||
| 041 | a | Код языка текста | rus | |
| 044 | a | Код страны публикации | RU | |
| 080 | a | Индекс УДК | 539.21(075.8) | |
| 080 | a | Индекс УДК | 530.145(075.8) | |
| 080 | a | Индекс УДК | 531.19(075.8) | |
| 084 | a | Индекс другой классификации/Индекс ББК | В37я73-1 | |
| a | Индекс другой классификации/Индекс ББК | В314я73-1 | ||
| a | Индекс другой классификации/Индекс ББК | В317.2я73-1 | ||
| 090 | a | Полочн. индекс | В37 | |
| x | Авторский знак | Г 49 | ||
| 100 | 1_ | a | Автор | Гинзбург Илья Файвильевич |
| q | Полное имя | Гинзбург И. Ф. | ||
| 245 | a | Заглавие | Введение в физику твердого тела | |
| b | Продолж. заглавия | основы квантовой механики и статистической физики с отдельными задачами физики твердого тела : учебное пособие | ||
| 260 | a | Место издания | Санкт-Петербург [и др.] | |
| b | Издательство | Лань | ||
| c | Дата издания | 2007 | ||
| 300 | a | Объем | 537 с. | |
| b | Иллюстрации/ тип воспроизводства | ил. | ||
| c | Размеры | 21 см | ||
| 440 | a | Серия | Учебники для вузов. Специальная литература | |
| 504 | a | Библиография | Библиогр.: с. 536-537 | |
| 520 | a | Аннотация | Учебное пособие «Введение в физику твердого тела» составлено на основе курса лекций, читаемых автором в Новосибирском университете студентам отделения информатики физического факультета. Курс содержит две части; первая из которых посвящена квантовой механике (нерелятивистской теории), вторая — статистической физике. В предлагаемом пособии обсуждается меньше частных тем, чем в общих курсах квантовой механики и статистической физики для физиков. Однако изучаемые вопросы рассматриваются на высоком теоретическом уровне. Существенную часть курса составляют задачи. | |
| К | урс включает в себя три приложения, которые содержат принципы построения программ для упражнений по квантовой механике и примерный перечень типичных заданий; сведения о элементарных частицах и взаимодействиях, описание некоторых нерешенных проблем фундаментальной физики; математические дополнения и сведения из аналитической механики. | |||
| У | чебное пособие предназначено для студентов университетов, педагогических и технических вузов. | |||
| 650 | a | Основная рубрика | Твердые тела | |
| x | Основная подрубрика | Задачи | ||
| x | Основная подрубрика | Учебники для вузов | ||
| x | Основная подрубрика | Физика | ||
| 650 | 14 | a | Основная рубрика | Квантовая механика |
| 650 | a | Основная рубрика | Статистическая физика | |
| 653 | a | Ключевые слова | Задачи | |
| a | Ключевые слова | Квантовая механика | ||
| a | Ключевые слова | Статистическая физика | ||
| a | Ключевые слова | Твердые тела | ||
| a | Ключевые слова | Физика твердого тела | ||
| 920 | a | Оператор | Стру | |
| 952 | c | Вид литературы | К ру |